000 00312nam a2200109Ia 4500
008 200302s9999 xx 000 0 und d
100 _aElisabeth Tostrup
245 _aArchitecture and Rhetoric/Text and Design in Architectural Competitions
260 _bAndreas Papaakis Publisher
260 _c1999
300 _a207
999 _c3641
_d3641